| 000 | 01549cam a2200349 a 4500 | ||
|---|---|---|---|
| 999 |
_c332178 _d332178 |
||
| 001 | 4957252 | ||
| 003 | NUST | ||
| 005 | 20171116122758.0 | ||
| 008 | 951127s1995 nyua b 001 0 eng d | ||
| 010 | _a 96218392 | ||
| 020 | _a0471115215 (acidfree paper) | ||
| 035 | _a(OCoLC)33806060 | ||
| 040 |
_aAB _cAB _dCNoS _dOCU _dDLC |
||
| 042 | _alccopycat | ||
| 050 | 0 | 0 |
_aHD69.P75 _bW95 1995 |
| 082 | 0 | 0 |
_a658.40 WYS _221 |
| 100 | 1 |
_aWysocki, Robert K. _96469 |
|
| 245 | 1 | 0 |
_aEffective project management : _bhow to plan, manage, and deliver projects on time and within budget / _cRobert K. Wysocki, Robert Beck, Jr., David B. Crane. |
| 260 |
_aNew York : _bWiley, _cc1995. |
||
| 300 |
_axvii, 333 p. : _bill. ; _c23 cm. + _e1 computer laser optical disc (4 3/4 in.) |
||
| 500 | _aP.B | ||
| 504 | _aIncludes bibliographical references (p. 318-321) and index. | ||
| 538 | _aSystem requirements for accompanying computer disk: MS Project version 4 for Windows. | ||
| 650 | 0 |
_aProject management. _92481 |
|
| 700 | 1 |
_aBeck, Robert. _96470 |
|
| 700 | 1 |
_aCrane, David B. _96471 |
|
| 856 | 4 | 2 |
_3Contributor biographical information _uhttp://www.loc.gov/catdir/enhancements/fy0607/96218392-b.html |
| 856 | 4 | 2 |
_3Publisher description _uhttp://www.loc.gov/catdir/enhancements/fy0607/96218392-d.html |
| 856 | 4 | 1 |
_3Table of contents only _uhttp://www.loc.gov/catdir/enhancements/fy0607/96218392-t.html |
| 906 |
_a7 _bcbc _ccopycat _d2 _encip _f19 _gy-gencatlg |
||
| 942 |
_2ddc _cBK _kIESE |
||